Statistics for Minor Greek Gods (Extremely Hard)

Click here to take the quiz!

General Stats

  • This quiz has been taken 30 times
  • The average score is 4 of 15

Answer Stats

HintAnswer% Correct
The nothingness that all else sprung from. A god who filled the gap between Heaven and Earth and created the first beings Gaia, Tartarus, Uranus, Nyx and Erebos.Chaos
81%
The Ferryman of Hades. Took the newly dead people across the rivers Styx and Acheron to the Greek underworld if they paid him three obolus (a Greek silver coin).Charon
81%
greek god of wind and airAeolus
62%
Primordial god of darkness.Erebus
42%
god of strength and powerKratos
31%
The Greek god of wealthPlutus
27%
A fisherman who became immortal upon eating a magical herb, an Argonaut who may have built and piloted the Argo, and became a god of the sea.Glaucus
23%
The god of dedication, emulation, eager rivalry, envy, jealousy, and zeal.Zelus
23%
Minor patron god of animal husbandry, bee-keeping, and fruit trees. Son of Apollo.Aristaeus
19%
Minor god of opportunity, luck and favorable moments.Caerus
12%
Guardian god of the ancient city Lamark, where wounded heroes could find comfort and heal after battle. He was the son of Aphrodite.Dinlas
12%
god of marriage ceremonies, inspiring feast and songhymenaios
12%
A minor god of vegetation, fruits of the earth and rebirth.Attis
8%
The physician of the Olympian godsPaean
8%
Messenger of the sea and the son of Poseidon and AmphitriteTritan
8%

Score Distribution

Percentile by Number Answered

Percent of People with Each Score

Your Score History

You have not taken this quiz